Projekt Milénium predstavuje návrh koncepcie výchovy a vzdelávania v treťom tisícročí
Koncepcia rozvoja výchovy a vzdelávania pod názvom Milénium - štyri základné ciele koncepcie. Potreba zvýšenia vzdelanostnej úrovne obyvateľstva. Nové prístupy vo výchove a vzdelávaní. Učiteľ - rozhodujúci činiteľ vo vykonávaní zmien vo výchove a vzdelávaní.
Guardado en:
| Autor principal: | |
|---|---|
| Formato: | Capítulo de libro |
| Lenguaje: | eslovaco |
| Materias: | |
| Etiquetas: |
Sin Etiquetas, Sea el primero en etiquetar este registro!
|
MARC
| LEADER | 00000naa a2200000 4500 | ||
|---|---|---|---|
| 001 | r037146 | ||
| 005 | 20230921105458.5 | ||
| 041 | 0 | |a slo | |
| 044 | |a SK | ||
| 245 | 1 | 0 | |a Projekt Milénium predstavuje návrh koncepcie výchovy a vzdelávania v treťom tisícročí |c Eva Reiselová |
| 520 | |a Koncepcia rozvoja výchovy a vzdelávania pod názvom Milénium - štyri základné ciele koncepcie. Potreba zvýšenia vzdelanostnej úrovne obyvateľstva. Nové prístupy vo výchove a vzdelávaní. Učiteľ - rozhodujúci činiteľ vo vykonávaní zmien vo výchove a vzdelávaní. | ||
| 610 | 2 | 0 | |a výchova |
| 610 | 2 | 0 | |a vzdelávanie |
| 610 | 2 | 0 | |a koncepcie |
| 610 | 2 | 0 | |a učitelia |
| 610 | 2 | 0 | |a Slovensko |
| 100 | 1 | |a Reiselová, Eva | |